| 000 | 00420pab a2200145 454500 | ||
|---|---|---|---|
| 008 | 180718b1988 xxu||||| |||| 00| 0 eng d | ||
| 100 | _aFiedler, Manfred | ||
| 245 | _aInvestment by public enterprise in the Federal Republic of Germany | ||
| 260 | _c1988 | ||
| 300 | _a455-73 | ||
| 362 | _aOct.-Dec. | ||
| 650 | _aGovernment Enterprise - Germany | ||
| 773 | _aAnnals of Public and Co - operative Economy | ||
| 909 | _a9253 | ||
| 999 |
_c9253 _d9253 |
||